000 00774nam a22002417a 4500
001 588
005 20230620121910.0
008 230620b cb ||||| |||| 00| 0 eng d
020 _a9781408324110
040 _aFISKH
_beng
050 _aPZ7
082 _a823.92
100 _aBlade, Adam
245 _aSea Quest
_bShredder the spider droid
_cAdam Blade
260 _aSydney :
_bOrchard.
_c2013.
300 _a119 pages ;
_c20 cm.
490 _aSea Quest series
505 _aM
520 _aWhen Max meets the mysterious Sea Ghosts, they ask for his help. An evil genius is threatening to wreck their city! Max ventures beneath the seabed - where he must battle Shredder the Spider Droid!
521 _a770
_bLexile
521 _aM
_bRaz-Plus
942 _2ddc
_cBK
_n0
999 _c588
_d588